Engineering Surveying. (Record no. 8213)

MARC details
000 -LEADER
fixed length control field 00543nam a22002177a 4500
003 - CONTROL NUMBER IDENTIFIER
control field OSt
005 - DATE AND TIME OF LATEST TRANSACTION
control field 20231013090347.0
008 - FIXED-LENGTH DATA ELEMENTS--GENERAL INFORMATION
fixed length control field 231013b |||||||| |||| 00| 0 eng d
020 ## - INTERNATIONAL STANDARD BOOK NUMBER
International Standard Book Number 9780750669498
020 ## - INTERNATIONAL STANDARD BOOK NUMBER
International Standard Book Number 0750669497
040 ## - CATALOGING SOURCE
Transcribing agency DDC.
082 ## - DEWEY DECIMAL CLASSIFICATION NUMBER
Classification number 526.9 SCH 2007
100 ## - MAIN ENTRY--PERSONAL NAME
Personal name Schofield,W;Breach,m;
9 (RLIN) 16754
245 ## - TITLE STATEMENT
Title Engineering Surveying.
250 ## - EDITION STATEMENT
Edition statement 6th ed.
260 ## - PUBLICATION, DISTRIBUTION, ETC. (IMPRINT)
Place of publication, distribution, etc. London.
Name of publisher, distributor, etc. Spon Press.
Date of publication, distribution, etc. 2007.
300 ## - PHYSICAL DESCRIPTION
Extent 622p;
Other physical details ill,
Dimensions 25cm.
504 ## - BIBLIOGRAPHY, ETC. NOTE
Bibliography, etc index is included.
650 ## - SUBJECT ADDED ENTRY--TOPICAL TERM
Topical term or geographic name as entry element Engineering
9 (RLIN) 373
942 ## - ADDED ENTRY ELEMENTS (KOHA)
Source of classification or shelving scheme Dewey Decimal Classification
Koha item type Book Bank
Holdings
Withdrawn status Lost status Source of classification or shelving scheme Damaged status Not for loan Home library Current library Date acquired Source of acquisition Inventory number Total Checkouts Full call number Barcode Date last seen Koha item type
    Dewey Decimal Classification     Main Kihumuro Campus Main Kihumuro Campus 13/10/2023 Purchase 23/42159   526.9 SCH 2007 2023-0637 13/10/2023 Book Bank
    Dewey Decimal Classification     Main Kihumuro Campus Main Kihumuro Campus 13/10/2023 Purchase 23/42160   526.9 SCH 2007 2023-0638 13/10/2023 Book Bank
    Dewey Decimal Classification     Main Kihumuro Campus Main Kihumuro Campus 26/09/2024 Purchase 24/42314   526.9 SCH 2007 2024-22437 26/09/2024 Book Bank
    Dewey Decimal Classification     Main Kihumuro Campus Main Kihumuro Campus 26/09/2024 Purchase 24/42315   526.9 SCH 2007 2024-22438 26/09/2024 Book Bank
    Dewey Decimal Classification     Main Kihumuro Campus Main Kihumuro Campus 26/09/2024 Purchase 24/42316   526.9 SCH 2007 2024-22439 26/09/2024 Book Bank